[Event "WchT (Women) Final"]
[Site "Bydgoszcz"]
[Date "2023.09.09"]
[Round "1.2"]
[White "Javakhishvili, Lela"]
[Black "Xiao, Yiyi"]
[Result "1/2-1/2"]
[WhiteElo "2446"]
[BlackElo "2343"]
[PlyCount "270"]
[EventDate "2023.09.09"]
[EventType "team-k.o. (rapid)"]
[EventRounds "3"]
[EventCountry "POL"]
[SourceTitle "EXT 2024"]
[Source "ChessBase"]
[SourceDate "2023.10.10"]
[SourceVersion "1"]
[SourceVersionDate "2023.10.10"]
[SourceQuality "1"]
[WhiteTeam "Georgia (W)"]
[BlackTeam "China (W)"]
[WhiteTeamCountry "GEO"]
[BlackTeamCountry "CHN"]

1. Nf3 d5 2. g3 Nf6 3. Bg2 g6 4. 0-0 Bg7 5. c4 c6 6. d4 dxc4 7. a4 0-0 8. Na3 Be6 9. Ng5 Bd5 10. e4 h6 11. exd5 hxg5 12. dxc6 Nxc6 13. d5 Na5 14. Bxg5 Rc8 15. Qe2 Qd7 16. h4 Rfe8 17. Nb5 a6 18. Nc3 Nb3 19. Rad1 b5 20. axb5 axb5 21. Ne4 b4 22. Nxf6+ exf6 23. Be3 f5 24. d6 Nd4 25. Qd2 c3 26. bxc3 bxc3 27. Qd3 c2 28. Rc1 Rc3 29. Qa6 Nb3 30. h5 Nxc1 31. Bxc1 gxh5 32. Bh3 Rc6 33. Qa4 Qxd6 34. Bxf5 Bd4 35. Bf4 c1Q 36. Bxd6 Qc4 37. Qa3 Ra6 38. Bd3 Bxf2+ 39. Kh2 Rxa3 40. Bxc4 Rc3 41. Bxf7+ Kxf7 42. Rxf2+ Kg6 43. Bf4 Rec8 44. Kh3 R3c4 45. Rd2 R8c6 46. Rd8 Re4 47. Rg8+ Kf7 48. Rg5 Rc3 49. Kh4 Re2 50. Kxh5 Rc8 51. Kg4 Rec2 52. Rf5+ Ke6 53. Re5+ Kf6 54. Rf5+ Ke6 55. Re5+ Kd7 56. Rd5+ Kc6 57. Rd6+ Kc5 58. Rd1 Rg8+ 59. Kf5 Rc4 60. Bd6+ Kc6 61. Bf4 Rc5+ 62. Ke4 Re8+ 63. Kf3 Rd5 64. Rxd5 Kxd5 65. g4 Ke6 66. Ke4 Kf6+ 67. Kf3 Ra8 68. Ke4 Ra4+ 69. Kf3 Ke6 70. Kg3 Kd5 71. Bc1 Ke4 72. Bb2 Ra2 73. Bf6 Ra3+ 74. Kh4 Kf4 75. Be7 Ra8 76. Bd6+ Kf3 77. Kh5 Rh8+ 78. Kg5 Rg8+ 79. Kf5 Rxg4 80. Be5 Ra4 81. Bf6 Ra5+ 82. Be5 Ke3 83. Ke6 Ke4 84. Bc7 Ra6+ 85. Kd7 Kd5 86. Bg3 Rg6 87. Bf4 Rc6 88. Bg3 Rf6 89. Kc7 Rg6 90. Bf4 Rg7+ 91. Kb6 Rg6+ 92. Kb7 Rf6 93. Bh2 Rf2 94. Bg3 Rb2+ 95. Kc7 Kc5 96. Bd6+ Kd5 97. Bf4 Rb3 98. Bh2 Rh3 99. Bf4 Kc5 100. Bd6+ Kb5 101. Bf4 Rh7+ 102. Kd6 Kc4 103. Ke5 Re7+ 104. Kd6 Rf7 105. Be5 Rf5 106. Bh2 Rd5+ 107. Kc6 Rh5 108. Bf4 Rf5 109. Bh2 Rf6+ 110. Kc7 Kc5 111. Bg1+ Kd5 112. Bh2 Rc6+ 113. Kb7 Kc5 114. Bg1+ Kb5 115. Bh2 Rh6 116. Bf4 Rh7+ 117. Ka8 Rf7 118. Bh2 Kc6 119. Be5 Rf5 120. Bh2 Rf2 121. Be5 Re2 122. Bf4 Kb6 123. Bd6 Rd2 124. Bf4 Rd8+ 125. Bb8 Rd7 126. Bf4 Rd8+ 127. Bb8 Rd3 128. Bh2 Rh3 129. Be5 Rh5 130. Bf4 Rf5 131. Bh2 Rf1 132. Be5 Rd1 133. Bf4 Rd3 134. Bh2 Rh3 135. Bg1+ Kc7 1/2-1/2

[Event "CHN-chT DivA"]
[Site "Fuling"]
[Date "2023.06.08"]
[Round "4.5"]
[White "Xiao, Yiyi"]
[Black "Zhang, Xiao"]
[Result "1-0"]
[WhiteElo "2331"]
[BlackElo "2147"]
[PlyCount "151"]
[EventDate "2023.06.05"]
[EventType "team-tourn"]
[EventRounds "11"]
[EventCountry "CHN"]
[SourceTitle "CBM 214 Extra"]
[Source "ChessBase"]
[SourceDate "2023.07.31"]
[SourceVersion "1"]
[SourceVersionDate "2023.07.31"]
[SourceQuality "1"]
[WhiteTeam "Tianjin"]
[BlackTeam "Shandong"]
[WhiteTeamCountry "CHN"]
[BlackTeamCountry "CHN"]

1. e4 c6 2. d4 d5 3. exd5 cxd5 4. Nf3 Nf6 5. Ne5 Nc6 6. Bb5 Bd7 7. Nxd7 Qxd7 8. c3 e6 9. 0-0 Bd6 10. Nd2 0-0 11. Re1 Qc7 12. g3 a6 13. Bd3 e5 14. dxe5 Nxe5 15. Nf3 Nxd3 16. Qxd3 h6 17. Be3 Bc5 18. Bd4 Bxd4 19. Nxd4 Rfe8 20. Nf5 Qd7 21. Qf3 Re6 22. Rad1 Rae8 23. Rxe6 Qxe6 24. Ne3 Qe4 25. Kg2 Qxf3+ 26. Kxf3 Re5 27. Rd4 Kf8 28. h4 h5 29. Kf4 Re7 30. f3 g6 31. g4 hxg4 32. fxg4 Re6 33. g5 Nh5+ 34. Kf3 f6 35. Rxd5 Ke7 36. Rd4 fxg5 37. hxg5 Re5 38. Re4 Ke6 39. Ng2 Rxe4 40. Kxe4 Ng3+ 41. Kf3 Nh5 42. Nh4 Ke5 43. Nxg6+ Kf5 44. Nf8 Kxg5 45. Ne6+ Kf5 46. Nc5 b6 47. Nxa6 Ke5 48. Ke3 Kd5 49. Nb4+ Kc4 50. Kd2 Nf6 51. b3+ Kc5 52. a4 Ne4+ 53. Kd3 Nf2+ 54. Ke3 Ng4+ 55. Kd2 Nf6 56. Kd3 Ng4 57. Na6+ Kd5 58. c4+ Kd6 59. Kd4 Nh6 60. b4 Nf5+ 61. Ke4 Ne7 62. b5 Nc8 63. Kd4 Ne7 64. c5+ bxc5+ 65. Nxc5 Nf5+ 66. Kc4 Ne3+ 67. Kd3 Nd5 68. Kd4 Ne7 69. Ne4+ Kc7 70. Kc5 Ng6 71. b6+ Kb8 72. a5 Ne5 73. Kb5 Ka8 74. Nc5 Kb8 75. a6 Nf7 76. Nd7+ 1-0

[Event "CHN-chT (Women)"]
[Site "Hangzhou"]
[Date "2023.05.27"]
[Round "9.1"]
[White "Xiao, Yiyi"]
[Black "Chu, Ruotong"]
[Result "1/2-1/2"]
[WhiteElo "2394"]
[BlackElo "2176"]
[PlyCount "61"]
[EventDate "2023.05.19"]
[EventType "team-swiss"]
[EventRounds "9"]
[EventCountry "CHN"]
[SourceTitle "CBM 214 Extra"]
[Source "ChessBase"]
[SourceDate "2023.07.31"]
[SourceVersion "1"]
[SourceVersionDate "2023.07.31"]
[SourceQuality "1"]
[WhiteTeam "Tianjin (W)"]
[BlackTeam "Chengdu (W)"]
[WhiteTeamCountry "CHN"]
[BlackTeamCountry "CHN"]

1. d4 d5 2. c4 dxc4 3. Nf3 Nf6 4. e3 e6 5. Bxc4 c5 6. 0-0 a6 7. Nc3 b5 8. Be2 Bb7 9. dxc5 Bxc5 10. Qxd8+ Kxd8 11. Nd4 Ke7 12. Nb3 Bd6 13. Na5 Ra7 14. Bd2 Nc6 15. Nxb7 Rxb7 16. Bf3 Rc8 17. Rfc1 Rbc7 18. Ne4 Nxe4 19. Bxe4 Be5 20. Rc2 f5 21. Bf3 Nb8 22. Rxc7+ Rxc7 23. Rc1 Rxc1+ 24. Bxc1 Nd7 25. b3 Nc5 26. Ba3 Bd6 27. Bxc5 Bxc5 28. Bb7 a5 29. Ba6 b4 30. Kf1 Kd6 31. Ke2 1/2-1/2

[Event "CHN-chT (Women)"]
[Site "Hangzhou"]
[Date "2023.05.25"]
[Round "7.1"]
[White "Xiao, Yiyi"]
[Black "Shao, Qiyu"]
[Result "1-0"]
[WhiteElo "2394"]
[BlackElo "1506"]
[PlyCount "65"]
[EventDate "2023.05.19"]
[EventType "team-swiss"]
[EventRounds "9"]
[EventCountry "CHN"]
[SourceTitle "CBM 214 Extra"]
[Source "ChessBase"]
[SourceDate "2023.07.31"]
[SourceVersion "1"]
[SourceVersionDate "2023.07.31"]
[SourceQuality "1"]
[WhiteTeam "Tianjin (W)"]
[BlackTeam "Qingdao (W)"]
[WhiteTeamCountry "CHN"]
[BlackTeamCountry "CHN"]

1. d4 d5 2. c4 e6 3. Nf3 Nf6 4. g3 dxc4 5. Bg2 Bb4+ 6. Bd2 Bxd2+ 7. Qxd2 0-0 8. Na3 c5 9. dxc5 Nbd7 10. Nxc4 Nxc5 11. Qc2 Qe7 12. Nfe5 Nd5 13. 0-0 Nd7 14. Rfd1 Nxe5 15. Nxe5 Qf6 16. Nc4 Rb8 17. e4 Nb4 18. Qa4 Nc6 19. e5 Qe7 20. Qb5 Bd7 21. Nd6 a6 22. Qe2 f6 23. exf6 Rxf6 24. Rac1 e5 25. Ne4 Rff8 26. Nc5 Be8 27. Nxa6 Ra8 28. Nc5 Kh8 29. a3 Ra5 30. Qe3 Rb5 31. b4 Qf6 32. Ne4 Qe6 33. Nd6 1-0

[Event "CHN-chT (Women)"]
[Site "Hangzhou"]
[Date "2023.05.24"]
[Round "6.1"]
[White "Xiao, Yiyi"]
[Black "Liu, Manli"]
[Result "1-0"]
[WhiteElo "2394"]
[BlackElo "2024"]
[PlyCount "79"]
[EventDate "2023.05.19"]
[EventType "team-swiss"]
[EventRounds "9"]
[EventCountry "CHN"]
[SourceTitle "CBM 214 Extra"]
[Source "ChessBase"]
[SourceDate "2023.07.31"]
[SourceVersion "1"]
[SourceVersionDate "2023.07.31"]
[SourceQuality "1"]
[WhiteTeam "Tianjin (W)"]
[BlackTeam "Guangdong (W)"]
[WhiteTeamCountry "CHN"]
[BlackTeamCountry "CHN"]

1. d4 e6 2. e4 d5 3. Nc3 Nf6 4. Bg5 dxe4 5. Nxe4 Nbd7 6. Nf3 h6 7. Bxf6 Nxf6 8. Bd3 Nxe4 9. Bxe4 c5 10. Qe2 Qa5+ 11. c3 cxd4 12. Nxd4 Be7 13. Nc6 Qc7 14. Nxe7 Kxe7 15. 0-0-0 Rd8 16. Rxd8 Qxd8 17. Rd1 Qc7 18. Qd3 a5 19. Qd4 Ra6 20. g3 f6 21. Bd3 Rd6 22. Qg4 Kf8 23. Qg6 Qd8 24. Qh7 Qd7 25. Be2 Rxd1+ 26. Bxd1 Qf7 27. Qh8+ Qg8 28. Qxg8+ Kxg8 29. Kc2 b6 30. b4 Ba6 31. Kb3 axb4 32. Kxb4 Kf7 33. c4 Ke7 34. c5 bxc5+ 35. Kxc5 Kd7 36. Kb6 Bc8 37. a4 Kd6 38. Bf3 e5 39. a5 f5 40. Bb7 1-0

[Event "CHN-chT (Women)"]
[Site "Hangzhou"]
[Date "2023.05.20"]
[Round "2.1"]
[White "Li, Xueyi"]
[Black "Xiao, Yiyi"]
[Result "1-0"]
[WhiteElo "2276"]
[BlackElo "2394"]
[PlyCount "73"]
[EventDate "2023.05.19"]
[EventType "team-swiss"]
[EventRounds "9"]
[EventCountry "CHN"]
[SourceTitle "CBM 214 Extra"]
[Source "ChessBase"]
[SourceDate "2023.07.31"]
[SourceVersion "1"]
[SourceVersionDate "2023.07.31"]
[SourceQuality "1"]
[WhiteTeam "Shenzhen (W)"]
[BlackTeam "Tianjin (W)"]
[WhiteTeamCountry "CHN"]
[BlackTeamCountry "CHN"]

1. d4 d5 2. c4 dxc4 3. Nf3 Nf6 4. Nc3 a6 5. a4 e6 6. e4 Bb4 7. e5 Nd5 8. Bd2 Nc6 9. Be2 Na5 10. Nxd5 Bxd2+ 11. Qxd2 Qxd5 12. Qc3 Bd7 13. Nd2 Nc6 14. Bf3 Qxd4 15. Bxc6 Qxc3 16. Bxd7+ Kxd7 17. bxc3 b5 18. 0-0 Rhd8 19. f4 Kc6 20. Nf3 Kc5 21. Rfb1 Rab8 22. axb5 axb5 23. Ra7 c6 24. Ng5 Ra8 25. Nxf7 Rxa7 26. Nxd8 Kd5 27. Rd1+ Ke4 28. Nxe6 b4 29. cxb4 c3 30. Nc5+ Ke3 31. Nb3 g6 32. Re1+ Kd3 33. e6 Re7 34. g4 c2 35. f5 gxf5 36. gxf5 Rg7+ 37. Kh1 1-0

[Event "CHN-ch (Women)"]
[Site "Xinghua"]
[Date "2023.05.11"]
[Round "6"]
[White "Xiao, Yiyi"]
[Black "Zhai, Mo"]
[Result "1/2-1/2"]
[WhiteElo "2394"]
[BlackElo "2354"]
[PlyCount "78"]
[EventDate "2023.05.06"]
[EventType "tourn"]
[EventRounds "11"]
[EventCountry "CHN"]
[SourceTitle "CBM 215 Extra"]
[Source "ChessBase"]
[SourceDate "2023.09.30"]
[SourceVersion "1"]
[SourceVersionDate "2023.09.30"]
[SourceQuality "1"]

1. e4 e5 2. Nf3 Nc6 3. d4 exd4 4. Nxd4 Nf6 5. Nc3 Bb4 6. Nxc6 bxc6 7. Bd3 0-0 8. 0-0 d5 9. exd5 cxd5 10. Bg5 c6 11. Qf3 Rb8 12. h3 Bd6 13. b3 Be5 14. Bf4 Bxf4 15. Qxf4 Be6 16. Na4 Qe7 17. Qe3 Rfe8 18. Rfe1 a5 19. Qc5 Qc7 20. c4 Nd7 21. Qd4 dxc4 22. Bxc4 Bxc4 23. Qxc4 Nb6 24. Nxb6 Qxb6 25. Rac1 g6 26. Re4 Rbd8 27. Rxe8+ Rxe8 28. Rd1 h5 29. Qf4 Rd8 30. Re1 Qd4 31. Qxd4 Rxd4 32. Rc1 a4 33. Rxc6 Rd1+ 34. Kh2 Rd2 35. bxa4 Rxa2 36. Rc4 Rxf2 37. Kg3 Ra2 38. Kf3 Kg7 39. h4 Kf6 1/2-1/2

[Event "China zt 3.5 (Women)"]
[Site "Shenzhen"]
[Date "2023.04.07"]
[Round "3"]
[White "Xiao, Yiyi"]
[Black "Wang, Doudou"]
[Result "1-0"]
[WhiteElo "2383"]
[BlackElo "2161"]
[PlyCount "77"]
[EventDate "2023.04.05"]
[EventType "swiss"]
[EventRounds "9"]
[EventCountry "CHN"]
[SourceTitle "CBM 213 Extra"]
[Source "ChessBase"]
[SourceDate "2023.05.31"]
[SourceVersion "1"]
[SourceVersionDate "2023.05.31"]
[SourceQuality "1"]

1. e4 c5 2. Nc3 Nc6 3. Bb5 Nd4 4. Nf3 a6 5. Bd3 d6 6. Nxd4 cxd4 7. Ne2 e5 8. c3 dxc3 9. dxc3 Nf6 10. Bg5 Be7 11. Bxf6 Bxf6 12. Bc4 Bg4 13. h3 Bxe2 14. Qxe2 0-0 15. Rd1 b5 16. Bd5 Rb8 17. h4 Kh8 18. Rd3 a5 19. Qh5 Qe7 20. Qf5 g6 21. Qh3 h6 22. h5 g5 23. Qf5 Bg7 24. 0-0 b4 25. Bb3 bxc3 26. Rxc3 a4 27. Bxa4 Rxb2 28. Bb3 Qf6 29. Qxf6 Bxf6 30. Rd1 Be7 31. Rc7 Bd8 32. Rb7 Ba5 33. Rxd6 Kg7 34. Rg6+ Kh7 35. Rf6 Bc3 36. Rc7 Bd4 37. Bxf7 Kg7 38. Rg6+ Kh8 39. Bg8 1-0

[Event "Shenzhen op (Women)"]
[Site "Shenzhen"]
[Date "2023.03.30"]
[Round "1.1"]
[White "Hou, Yifan"]
[Black "Xiao, Yiyi"]
[Result "1/2-1/2"]
[WhiteElo "2628"]
[BlackElo "2383"]
[PlyCount "63"]
[EventDate "2023.03.30"]
[EventType "k.o. (rapid)"]
[EventRounds "4"]
[EventCountry "CHN"]
[SourceTitle "CBM 213 Extra"]
[Source "ChessBase"]
[SourceDate "2023.05.31"]
[SourceVersion "1"]
[SourceVersionDate "2023.05.31"]
[SourceQuality "1"]

1. e4 c5 2. Nf3 e6 3. Nc3 Nc6 4. Bb5 Nge7 5. 0-0 a6 6. Bxc6 Nxc6 7. d4 cxd4 8. Nxd4 Qc7 9. Re1 Bb4 10. Qg4 Qe5 11. Nf3 h5 12. Qh4 Qa5 13. e5 d5 14. exd6 Bxd6 15. Ne4 Be7 16. Qg3 Nd4 17. Bd2 Nxf3+ 18. Qxf3 Qb6 19. Qg3 Rh7 20. Bg5 h4 21. Qd3 Bxg5 22. Nd6+ Ke7 23. Rad1 Rh8 24. Qa3 Kf6 25. Qf3+ Kg6 26. Qxf7+ Kh7 27. Ne4 Bd8 28. Qh5+ Kg8 29. Qe8+ Kh7 30. Qh5+ Kg8 31. Qe8+ Kh7 32. Qh5+ 1/2-1/2

[Event "Shenzhen op (Women)"]
[Site "Shenzhen"]
[Date "2023.03.30"]
[Round "1.4"]
[White "Xiao, Yiyi"]
[Black "Hou, Yifan"]
[Result "0-1"]
[WhiteElo "2383"]
[BlackElo "2628"]
[PlyCount "102"]
[EventDate "2023.03.30"]
[EventType "k.o. (rapid)"]
[EventRounds "4"]
[EventCountry "CHN"]
[SourceTitle "CBM 213 Extra"]
[Source "ChessBase"]
[SourceDate "2023.05.31"]
[SourceVersion "1"]
[SourceVersionDate "2023.05.31"]
[SourceQuality "1"]

1. d4 Nf6 2. Bg5 d5 3. e3 e6 4. Nf3 c5 5. Nbd2 Nc6 6. c3 Be7 7. Bd3 b6 8. 0-0 Bb7 9. Ne5 Nxe5 10. dxe5 Nd7 11. Bxe7 Qxe7 12. f4 f6 13. exf6 gxf6 14. a4 a6 15. e4 c4 16. Bc2 Nc5 17. Qh5+ Qf7 18. Qe2 Rg8 19. Rf2 0-0-0 20. e5 fxe5 21. Qxe5 Qc7 22. Qd4 Rdf8 23. Re1 h6 24. Re5 Rg4 25. g3 a5 26. Qe3 Bc6 27. f5 Ne4 28. Rxe6 Nxf2 29. Qxf2 Kb7 30. Nf3 Bd7 31. Rxh6 Bxf5 32. Nd4 Bxc2 33. Qxf8 Rxg3+ 34. Kf2 Rg7 35. Ke3 Qe7+ 36. Qxe7+ Rxe7+ 37. Kf4 Bxa4 38. h4 Be8 39. Nf5 Re2 40. Kf3 Re5 41. Rf6 Kc7 42. Nd4 b5 43. Kf4 Re4+ 44. Kg5 Re5+ 45. Rf5 Rxf5+ 46. Kxf5 Kd6 47. Kf6 b4 48. Nf5+ Kd7 49. Ng7 bxc3 50. bxc3 d4 51. Nxe8 Kxe8 0-1

[Event "CHN-chT (Women)"]
[Site "Nanjing"]
[Date "2023.02.15"]
[Round "2.1"]
[White "Lu, Miaoyi"]
[Black "Xiao, Yiyi"]
[Result "1-0"]
[WhiteElo "2362"]
[BlackElo "2357"]
[PlyCount "79"]
[EventDate "2023.02.14"]
[EventType "team-swiss"]
[EventRounds "9"]
[EventCountry "CHN"]
[SourceTitle "CBM 212 Extra"]
[Source "ChessBase"]
[SourceDate "2023.03.31"]
[SourceVersion "1"]
[SourceVersionDate "2023.03.31"]
[SourceQuality "1"]
[WhiteTeam "Hangzhou (W)"]
[BlackTeam "Tianjin (W)"]
[WhiteTeamCountry "CHN"]
[BlackTeamCountry "CHN"]

1. e4 c6 2. Nf3 d5 3. d3 Qc7 4. Nc3 e6 5. g3 Nf6 6. Bf4 Qb6 7. e5 Qxb2 8. Bd2 Nfd7 9. d4 Qb6 10. Rb1 Qc7 11. Ng5 h6 12. Qh5 Nxe5 13. dxe5 Qxe5+ 14. Ne2 g6 15. Qf3 hxg5 16. Bc3 g4 17. Bxe5 gxf3 18. Bxh8 fxe2 19. Bxe2 Nd7 20. h4 Bh6 21. f4 Kf8 22. h5 g5 23. fxg5 Bxg5 24. h6 Kg8 25. Bg7 Nf6 26. Bd3 Nh7 27. Ke2 c5 28. c4 dxc4 29. Bxc4 Bd7 30. Rh5 Bc6 31. Bd3 f6 32. Rf1 Rd8 33. Rf2 b5 34. Bxf6 Rxd3 35. Rxg5+ Nxg5 36. Kxd3 Ne4 37. Rf4 Kh7 38. Rxe4 Bxe4+ 39. Kxe4 Kxh6 40. Be7 1-0

[Event "CHN-chT Div-B"]
[Site "Hainan"]
[Date "2023.02.09"]
[Round "6"]
[White "Li, Xinyu"]
[Black "Xiao, Yiyi"]
[Result "0-1"]
[WhiteElo "2167"]
[BlackElo "2357"]
[PlyCount "116"]
[EventDate "2023.02.06"]
[EventType "team-tourn"]
[EventRounds "9"]
[EventCountry "CHN"]
[SourceTitle "CBM 213 Extra"]
[Source "ChessBase"]
[SourceDate "2023.05.31"]
[SourceVersion "1"]
[SourceVersionDate "2023.05.31"]
[SourceQuality "1"]
[WhiteTeam "Shenzhen Yinsheng CA"]
[BlackTeam "Tianjin 361"]
[WhiteTeamCountry "CHN"]
[BlackTeamCountry "CHN"]

1. d4 Nf6 2. Nf3 g6 3. Nbd2 Bg7 4. e4 0-0 5. Bd3 d6 6. 0-0 Nc6 7. c3 e5 8. dxe5 Nxe5 9. Nxe5 dxe5 10. Nc4 Qe7 11. Re1 Rd8 12. Qc2 b6 13. a4 a5 14. Bg5 h6 15. Bh4 Bb7 16. Ne3 Qc5 17. Rad1 Rd7 18. f3 Bc6 19. Bf2 Qe7 20. Bc4 Rad8 21. Bb3 Bf8 22. Qe2 Rxd1 23. Rxd1 Rxd1+ 24. Qxd1 Qd7 25. Nd5 Bxd5 26. exd5 Bd6 27. Be3 Kg7 28. Qd2 Ng8 29. Bc2 Qe7 30. h3 Bc5 31. Kh1 Bxe3 32. Qxe3 Qd6 33. Qd2 Nf6 34. Be4 Nh5 35. b4 Nf4 36. bxa5 bxa5 37. c4 f5 38. Bc2 Qc5 39. Bb3 Kf6 40. Kh2 Qd4 41. Qxd4 exd4 42. g3 Nd3 43. Kg2 Ke5 44. f4+ Kd6 45. Kf3 Kc5 46. g4 Nc1 47. Bc2 d3 48. Bd1 Kxc4 49. Ke3 Kc3 50. h4 Na2 51. h5 Nb4 52. hxg6 Nxd5+ 53. Kf2 Nf6 54. g5 hxg5 55. fxg5 Ne8 56. Ke3 Ng7 57. Kf4 Kd4 58. Bf3 c5 0-1

[Event "CHN-chT Div-B"]
[Site "Hainan"]
[Date "2023.02.08"]
[Round "5"]
[White "Xiao, Yiyi"]
[Black "Wu, Shuang"]
[Result "1-0"]
[WhiteElo "2357"]
[BlackElo "1431"]
[PlyCount "79"]
[EventDate "2023.02.06"]
[EventType "team-tourn"]
[EventRounds "9"]
[EventCountry "CHN"]
[SourceTitle "CBM 213 Extra"]
[Source "ChessBase"]
[SourceDate "2023.05.31"]
[SourceVersion "1"]
[SourceVersionDate "2023.05.31"]
[SourceQuality "1"]
[WhiteTeam "Tianjin 361"]
[BlackTeam "Heilongjiang Provincial Social Sports"]
[WhiteTeamCountry "CHN"]
[BlackTeamCountry "CHN"]

1. Nf3 Nf6 2. g3 e6 3. c4 d5 4. Bg2 c6 5. b3 Be7 6. 0-0 0-0 7. d4 Nbd7 8. Nc3 b6 9. Qc2 Ba6 10. Nd2 Rc8 11. Rd1 Qc7 12. Bb2 Rfd8 13. Rac1 c5 14. dxc5 Nxc5 15. cxd5 exd5 16. Nf3 Nce4 17. Qb1 Qb8 18. Nd4 Nxc3 19. Bxc3 Rc5 20. Nf5 Qc7 21. Bb4 Rxc1 22. Qxc1 Bc5 23. Qg5 Ne8 24. Bxc5 bxc5 25. Rxd5 Rxd5 26. Bxd5 Kf8 27. e4 h6 28. Qe3 Nf6 29. Qc3 Bc8 30. Ne3 Nd7 31. f3 Qb6 32. Nc4 Qb4 33. Qxb4 cxb4 34. Bxf7 Kxf7 35. Nd6+ Ke6 36. Nxc8 a5 37. Kf2 Ne5 38. Ke3 Kd7 39. Nb6+ Kc6 40. Nc4 1-0

[Event "Xian World Summit (Women)"]
[Site "Xian"]
[Date "2023.01.08"]
[Round "9"]
[White "Xiao, Yiyi"]
[Black "Li, Xueyi"]
[Result "0-1"]
[WhiteElo "2357"]
[BlackElo "2277"]
[PlyCount "78"]
[EventDate "2023.01.07"]
[EventType "tourn (rapid)"]
[EventRounds "11"]
[EventCountry "CHN"]
[EventCategory "7"]
[SourceTitle "CBM 212 Extra"]
[Source "ChessBase"]
[SourceDate "2023.03.31"]
[SourceVersion "1"]
[SourceVersionDate "2023.03.31"]
[SourceQuality "1"]

1. e4 c6 2. Nf3 d5 3. exd5 cxd5 4. Ne5 Nc6 5. d4 e6 6. Bb5 Bd7 7. Nxd7 Qxd7 8. c3 Bd6 9. 0-0 Nge7 10. Nd2 0-0 11. Nf3 Ng6 12. Re1 Qc7 13. g3 a6 14. Bd3 Rfe8 15. Kg2 Rad8 16. Ng5 Be7 17. Qh5 Bxg5 18. Bxg5 f6 19. Bd2 Qf7 20. Kg1 e5 21. dxe5 fxe5 22. Bc2 e4 23. Be3 Nce5 24. Red1 Nf3+ 25. Kh1 Re5 26. Qg4 Rde8 27. Bb3 Kh8 28. Rac1 Rf5 29. Qh3 Nf8 30. g4 Rfe5 31. Qg3 b5 32. Bf4 Ng6 33. Bxe5 Rxe5 34. a4 Nf4 35. Rc2 h5 36. gxh5 Rxh5 37. axb5 Rxh2+ 38. Qxh2+ Nxh2 39. Kxh2 Qh5+ 0-1